[Event "Championnat de la Loire - Top20"]
[Site "Loire"]
[Date "2010.03.27"]
[Round "6.8"]
[White "Aumont-Mathieu, Georges"]
[Black "Jan, Christophe"]
[Result "1/2-1/2"]
[WhiteElo "1840"]
[BlackElo "1780"]
[PlyCount "46"]
[EventDate "2010.??.??"]

1. e4 e6 2. d4 d5 3. Nc3 dxe4 4. Nxe4 Nd7 5. Nf3 Ngf6 6. Bd3 Nxe4 7. Bxe4 Nf6
8. Qe2 Nxe4 9. Qxe4 Be7 10. O-O O-O 11. c4 f5 12. Qe2 a5 13. Bf4 g5 14. Be5 g4
15. Ne1 c5 16. Rd1 cxd4 17. Rxd4 Qb6 18. Nd3 Qc6 19. Rd1 b6 20. Rxg4+ fxg4 21.
Qxg4+ Kf7 22. Qh5+ Kg8 23. Qg4+ Kf7 1/2-1/2

[Event "Championnat de la Loire - Top20"]
[Site "Loire"]
[Date "2010.03.27"]
[Round "6.9"]
[White "Licata-Messana, Luc"]
[Black "Minchilli, Franco"]
[Result "1-0"]
[WhiteElo "1830"]
[BlackElo "1740"]
[PlyCount "123"]
[EventDate "2010.??.??"]

1. Nf3 Nc6 2. d4 d5 3. g3 Nf6 4. Bg2 g6 5. Ne5 Bd7 6. c4 e6 7. Nc3 Ne7 8. c5
Bg7 9. b4 a6 10. a4 c6 11. a5 Bc8 12. f4 Nd7 13. Nf3 Nf5 14. O-O O-O 15. e3 Nf6
16. Ne5 Nd7 17. Nxd7 Bxd7 18. g4 Ne7 19. Qe1 f6 20. h3 Rf7 21. Bb2 Qc7 22. Qg3
Raf8 23. Ne2 Nc8 24. Kh1 Na7 25. e4 dxe4 26. Bxe4 f5 27. Bg2 Nb5 28. g5 Qb8 29.
Rad1 Nc7 30. Ng1 Nd5 31. Bxd5 cxd5 32. Rfe1 Re8 33. Nf3 Ba4 34. Rd3 Bc2 35. Rd2
Be4 36. Kh2 Bf8 37. Ne5 Rg7 38. Rc1 Rc8 39. Qb3 Rgc7 40. b5 Bg7 41. b6 Re7 42.
Kg3 Bxe5 43. fxe5 Kg7 44. Kf4 Rc6 45. Qg3 Qh8 46. Qh4 Kg8 47. Qh6 Qg7 48. h4
Kf7 49. Rh2 Re8 50. h5 Rg8 51. hxg6+ hxg6 52. Rc3 Qxh6 53. Rxh6 Rg7 54. Rh8 Rg8
55. Rch3 Rcc8 56. R3h7+ Kf8 57. Rxg8+ Kxg8 58. Rxb7 Bd3 59. Rc7 Rb8 60. b7 Rxb7
61. Rxb7 Bb5 62. Rxb5 1-0

[Event "Championnat de la Loire - Top20"]
[Site "Loire"]
[Date "2010.03.20"]
[Round "6.10"]
[White "Walter, Alain"]
[Black "Bruel, Bruno"]
[Result "1/2-1/2"]
[WhiteElo "1810"]
[BlackElo "1760"]
[PlyCount "36"]
[EventDate "2010.??.??"]

1. d4 d5 2. c4 c6 3. Nf3 Nf6 4. Nc3 dxc4 5. a4 Bf5 6. e3 e6 7. Bxc4 Bb4 8. O-O
O-O 9. Bd2 c5 10. Qe2 Bg4 11. dxc5 Bxc5 12. Rfd1 Qb6 13. Be1 Nc6 14. h3 Bh5 15.
g4 Bg6 16. Nh4 Rfe8 17. Nxg6 hxg6 18. Rac1 a6 1/2-1/2

[Event "Championnat de la Loire - Top20"]
[Site "Loire"]
[Date "2010.03.27"]
[Round "6.11"]
[White "Vier, Serge"]
[Black "Carteron, Olivier"]
[Result "1/2-1/2"]
[WhiteElo "1710"]
[BlackElo "1720"]
[PlyCount "39"]
[EventDate "2010.??.??"]

1. e4 c5 2. Nf3 d6 3. c3 Nf6 4. e5 dxe5 5. Nxe5 Qc7 6. d4 Nc6 7. Bb5 Bd7 8.
Bxc6 Bxc6 9. Nxc6 Qxc6 10. O-O e6 11. Bg5 Be7 12. Nd2 cxd4 13. cxd4 O-O 14. Qf3
Rac8 15. Qxc6 Rxc6 16. Nf3 Rc2 17. b3 Rfc8 18. Rfc1 Rxc1+ 19. Rxc1 Rxc1+ 20.
Bxc1 1/2-1/2

[Event "Championnat de la Loire - Top20"]
[Site "Loire"]
[Date "2010.04.24"]
[Round "7.1"]
[White "Moleins, Adrien"]
[Black "Artinyan, Remy"]
[Result "0-1"]
[WhiteElo "1699"]
[BlackElo "2136"]
[PlyCount "64"]
[EventDate "2010.??.??"]

1. e4 e5 2. Nf3 Nc6 3. Bc4 Bc5 4. d4 exd4 5. c3 Qe7 6. cxd4 Bb4+ 7. Nc3 Bxc3+
8. bxc3 Qxe4+ 9. Kd2 Qf4+ 10. Kc2 Qf5+ 11. Kb2 d5 12. g4 Qd7 13. Bb5 a6 14. Ne5
Qd6 15. Qf3 Be6 16. Bxc6+ bxc6 17. Re1 Ne7 18. Kc2 O-O 19. a4 Ng6 20. Ba3 Nxe5
21. Rxe5 Qd7 22. Bxf8 Bxg4 23. Qf4 Kxf8 24. Rg1 Be6 25. Reg5 g6 26. Qf6 Kg8 27.
f4 c5 28. dxc5 Qxa4+ 29. Kd2 Rb8 30. Qd4 Rb2+ 31. Ke3 Qa2 32. f5 Rxh2 0-1

[Event "Championnat de la Loire - Top20"]
[Site "Loire"]
[Date "2010.04.24"]
[Round "7.4"]
[White "Carrot, Axel"]
[Black "Cursoux, Gerard"]
[Result "0-1"]
[WhiteElo "1485"]
[BlackElo "1990"]
[PlyCount "81"]
[EventDate "2010.??.??"]

1. e4 c5 2. Nf3 d6 3. d4 cxd4 4. Nxd4 Nf6 5. Nc3 a6 6. g3 Bg4 7. f3 Bd7 8. Bg2
Nc6 9. Nxc6 bxc6 10. Be3 Rb8 11. Rb1 g6 12. Qe2 Qa5 13. O-O Bg7 14. a3 O-O 15.
Rfd1 Rfd8 16. Bf1 Bc8 17. Na2 c5 18. e5 Ne8 19. exd6 exd6 20. Bd2 Qc7 21. Qe1
Qc6 22. Ba5 Nc7 23. Bg2 Be6 24. f4 Qd7 25. Nc3 Bd4+ 26. Kh1 Re8 27. Qd2 Bg4 28.
Re1 Rxe1+ 29. Qxe1 Re8 30. Qd2 Be3 31. Qd3 Bf5 32. Be4 Bd4 33. Bxf5 gxf5 34.
Kg2 Re3 35. Qd1 Ne6 36. Nd5 Qb7 37. c4 Rb3 38. Qc2 Rxb2 39. Rxb2 Qxb2 40. Qxb2
Bxb2 41. Nf6+ 0-1

[Event "Championnat de la Loire - Top20"]
[Site "Loire"]
[Date "2010.04.10"]
[Round "7.5"]
[White "Deville, Olivier"]
[Black "Aumont-Mathieu, Georges"]
[Result "1-0"]
[WhiteElo "1990"]
[BlackElo "1840"]
[PlyCount "53"]
[EventDate "2010.??.??"]

1. c4 Nf6 2. Nf3 e6 3. b3 c5 4. Bb2 Be7 5. e3 d6 6. d4 Nbd7 7. Bd3 b6 8. O-O
Bb7 9. Nc3 a6 10. Qe2 e5 11. dxe5 dxe5 12. e4 O-O 13. Nd5 Nxd5 14. exd5 f6 15.
Rad1 Bd6 16. Nh4 Rf7 17. Nf5 Nf8 18. Qg4 Kh8 19. Be4 Bc8 20. Nxd6 Qxd6 21. Qh5
Raa7 22. f4 Kg8 23. fxe5 fxe5 24. Bxe5 g6 25. Bxd6 gxh5 26. Rxf7 Rxf7 27. Rf1
1-0

[Event "Championnat de la Loire - Top20"]
[Site "Loire"]
[Date "2010.04.24"]
[Round "7.6"]
[White "Guevorkian, Spartak"]
[Black "Licata-Messana, Luc"]
[Result "0-1"]
[WhiteElo "1900"]
[BlackElo "1830"]
[PlyCount "46"]
[EventDate "2010.??.??"]

1. d4 e6 2. Nf3 Nf6 3. Bf4 c5 4. c3 cxd4 5. Bxb8 Rxb8 6. Qxd4 b6 7. e3 Be7 8.
Nbd2 Bb7 9. Be2 O-O 10. Rd1 d5 11. Ne5 Qc7 12. Ndf3 Rfd8 13. Ng5 Bc5 14. Qf4
Rf8 15. Bd3 Bd6 16. Qh4 h6 17. Ng4 Nxg4 18. Qxg4 hxg5 19. Qh5 f5 20. g4 Qf7 21.
Qxg5 Be7 22. Qf4 fxg4 23. Qg3 Qf3 0-1

[Event "Championnat de la Loire - Top20"]
[Site "Loire"]
[Date "2010.04.09"]
[Round "7.7"]
[White "Massard, Christian"]
[Black "Poncet, Alain"]
[Result "1/2-1/2"]
[WhiteElo "1850"]
[BlackElo "1853"]
[PlyCount "52"]
[EventDate "2010.??.??"]

1. Nf3 d5 2. c4 Nf6 3. g3 dxc4 4. Qa4+ Bd7 5. Qxc4 Nc6 6. d4 e6 7. Bd2 b5 8.
Qc2 Nb4 9. Qb3 a5 10. a3 a4 11. Qd1 Nbd5 12. Bg2 Bd6 13. Nc3 Rb8 14. O-O c5 15.
dxc5 Bxc5 16. Ne5 O-O 17. Rc1 Qb6 18. Nxd5 exd5 19. Nxd7 Nxd7 20. Bf4 Rbc8 21.
Qxd5 Bxf2+ 22. Rxf2 Rxc1+ 23. Bxc1 Nf6 24. Qd1 Rd8 25. Qe1 Ng4 26. Bf4 Rd1
1/2-1/2

[Event "Championnat de la Loire - Top20"]
[Site "Loire"]
[Date "2010.04.24"]
[Round "7.8"]
[White "Jan, Christophe"]
[Black "Carrot, Patrick"]
[Result "0-1"]
[WhiteElo "1780"]
[BlackElo "1835"]
[PlyCount "50"]
[EventDate "2010.??.??"]

1. e4 e5 2. Nf3 Nc6 3. Bb5 a6 4. Ba4 Nf6 5. O-O Be7 6. d4 b5 7. Bb3 d6 8. Nc3
Bg4 9. Be3 O-O 10. a3 exd4 11. Bxd4 Nxd4 12. Qxd4 Re8 13. Ng5 Rf8 14. h3 c5 15.
Qe3 c4 16. Ba2 Be6 17. Nxe6 fxe6 18. b3 Rc8 19. bxc4 bxc4 20. Qa7 Rc6 21. Rab1
d5 22. e5 Nd7 23. Rb7 Bc5 24. Rxd7 Bxa7 25. Rxd8 Rxd8 0-1

[Event "Championnat de la Loire - Top20"]
[Site "Loire"]
[Date "2010.04.24"]
[Round "7.11"]
[White "Minchilli, Franco"]
[Black "Carteron, Olivier"]
[Result "1-0"]
[WhiteElo "1740"]
[BlackElo "1720"]
[PlyCount "67"]
[EventDate "2010.??.??"]

1. d4 d5 2. Nf3 Nf6 3. c4 c6 4. Nc3 dxc4 5. a4 Bf5 6. e3 e6 7. Bxc4 Bb4 8. O-O
O-O 9. Ne2 c5 10. Ng3 Bg4 11. h3 Bxf3 12. Qxf3 Nc6 13. Rd1 cxd4 14. exd4 Qc7
15. b3 Na5 16. Bg5 Be7 17. Rac1 Qd8 18. Bxf6 Bxf6 19. d5 exd5 20. Rxd5 Qb6 21.
Nh5 Bd4 22. Rb5 Qd8 23. Rd1 g6 24. Rd5 Bxf2+ 25. Qxf2 Qc7 26. Qf6 Qb6+ 27. Kh1
Qxf6 28. Nxf6+ Kg7 29. Rxa5 Kxf6 30. Rc5 b6 31. Rc7 Rfc8 32. Rdd7 Rxc7 33. Rxc7
h6 34. Rxf7+ 1-0